[Event "22nd Abu Dhabi Masters"]
[Site "Abu Dhabi UAE"]
[Date "2015.08.24"]
[Round "2.13"]
[White "Rakhmanov,Ale"]
[Black "Padmini,R"]
[Result "1-0"]
[WhiteTitle "GM"]
[BlackTitle "IM"]
[WhiteElo "2620"]
[BlackElo "2444"]
[WhiteFideId "4173708"]
[BlackFideId "5029295"]
[EventDate "2015.08.23"]

1. c4 Nf6 2. Nf3 g6 3. Nc3 d5 4. cxd5 Nxd5 5. Qb3 Nb6 6. d4 Bg7 7. Bf4 Be6 8.
Qa3 Nc6 9. e3 O-O 10. Be2 a5 11. O-O Nb4 12. Rfc1 Nc4 13. Bxc4 Bxc4 14. Be5 Nd3
15. Bxg7 Kxg7 16. Rc2 Nb4 17. Rd2 c6 18. Qa4 Be6 19. e4 Qb6 20. h3 Rfd8 21. Qd1
f6 22. Qe2 Bf7 23. a3 Na6 24. Rc1 Nc7 25. Qe3 Qa7 26. Na4 Na6 27. Qc3 Nc7 28.
Qe3 Nb5 29. Nc5 Nc7 30. Nh4 Rac8 31. f4 Nb5 32. Nf3 Nd6 33. Rdc2 a4 34. Kh2 b6
35. Nd3 Nb5 36. Nb4 c5 37. dxc5 bxc5 38. Rxc5 Rxc5 39. Rxc5 Rc8 40. Nd3 Rd8 41.
Nfe1 Bc4 42. Qg1 Bxd3 43. Nxd3 Nd6 44. Rd5 Qxg1+ 45. Kxg1 Rb8 46. Rd4 Rb3 47.
Kf1 Nb5 48. Rd5 Nd6 49. Rd4 Nb5 50. Rb4 Rxd3 51. Rxb5 Rd2 52. Rb4 h5 53. h4 Kf7
54. f5 gxf5 55. exf5 Ke8 56. Kg1 Kd7 57. Kh2 Kd6 58. Rb7 Ke5 59. Rxe7+ Kxf5 60.
Rb7 Rd4 61. Rb5+ Kg6 62. Rb4 Rd2 63. Kg3 Kf5 64. Rf4+ Ke5 65. Rb4 f5 66. Kf3 Rc2
67. Rb5+ Kf6 68. g3 Rd2 69. Rb6+ Ke5 70. Rb5+ Kf6 71. Rb4 Rc2 72. Rxa4 Rxb2 73.
Rb4 Ra2 74. Rb3 Ke5 75. Re3+ Kf6 76. Kf4 Rc2 77. Rb3 Rc4+ 78. Kf3 Ra4 79. Ke2
Ke5 80. Re3+ Kf6 81. Rf3 Ke5 82. Kd2 f4 83. gxf4+ Kf5 84. Ke2 Ra8 85. Kf2 Ra7
86. Kg3 Rg7+ 87. Kf2 Ra7 88. Rb3 Kxf4 89. Rb4+ Kf5 90. a4 Rc7 91. Ke3 Ra7 92.
Kd3 Ra8 93. Kc3 Ke5 94. Kb3 Kf5 95. Rc4 Rb8+ 96. Kc3 Ra8 97. Kb4 Rb8+ 98. Kc5
Rc8+ 99. Kb5 Rb8+ 100. Ka6 Ke6 101. Ka5 Kd6 102. Rb4 Ra8+ 103. Kb5 1-0

[Event "22nd Abu Dhabi Masters"]
[Site "Abu Dhabi UAE"]
[Date "2015.08.24"]
[Round "2.14"]
[White "Czebe,A"]
[Black "Gupta,Ab"]
[Result "0-1"]
[WhiteTitle "GM"]
[BlackTitle "GM"]
[WhiteElo "2439"]
[BlackElo "2619"]
[WhiteFideId "705268"]
[BlackFideId "5010608"]
[EventDate "2015.08.23"]

1. Nf3 Nf6 2. c4 g6 3. b3 Bg7 4. Bb2 O-O 5. g3 d6 6. Bg2 e5 7. O-O Nc6 8. d4 e4
9. Ne1 Bf5 10. Nc3 Qd7 11. d5 Ne5 12. f4 exf3 13. exf3 h5 14. Rf2 Rfe8 15. Bf1
Re7 16. Qd2 Rae8 17. Ng2 Bh3 18. Rd1 Kh7 19. Nf4 Bxf1 20. Rfxf1 Bh6 21. Qg2 Kg8
22. h4 a6 23. Nh3 b5 24. cxb5 axb5 25. Ng5 b4 26. Na4 Qb5 27. Qd2 Bg7 28. Rf2
Ned7 29. Kg2 Ne5 30. Ba1 Neg4 31. fxg4 Nxg4 32. Bxg7 Re2 0-1

[Event "22nd Abu Dhabi Masters"]
[Site "Abu Dhabi UAE"]
[Date "2015.08.24"]
[Round "2.15"]
[White "Yagubi,Asif"]
[Black "Swiercz,D"]
[Result "0-1"]
[WhiteTitle "IM"]
[BlackTitle "GM"]
[WhiteElo "2431"]
[BlackElo "2617"]
[WhiteFideId "13411861"]
[BlackFideId "1126881"]
[EventDate "2015.08.23"]

1. e4 c5 2. c3 d5 3. exd5 Qxd5 4. Na3 Nc6 5. Nf3 Nf6 6. Bc4 Qd8 7. O-O e6 8. d4
cxd4 9. Nb5 a6 10. Nbxd4 Nxd4 11. Qxd4 Qxd4 12. Nxd4 b5 13. Bb3 Bb7 14. Re1 Be7
15. Bg5 h6 16. Bxf6 Bxf6 17. Rad1 O-O-O 18. Nc2 Kc7 19. f3 h5 20. Ne3 g5 21.
Rxd8 Rxd8 22. Rd1 Rg8 23. Kf2 Be7 24. Ke2 Bc5 25. Rd2 g4 26. fxg4 hxg4 27. a3 g3
28. h3 Rg5 29. Kd3 Re5 30. Ng4 Re1 31. Nf6 Be7 32. Nh5 Be4+ 33. Kd4 Bd6 34. c4
e5+ 0-1

[Event "22nd Abu Dhabi Masters"]
[Site "Abu Dhabi UAE"]
[Date "2015.08.24"]
[Round "2.16"]
[White "Ghaem Maghami,E"]
[Black "Vignesh,N R"]
[Result "1/2-1/2"]
[WhiteTitle "GM"]
[WhiteElo "2609"]
[BlackElo "2430"]
[WhiteFideId "12500739"]
[BlackFideId "25012215"]
[EventDate "2015.08.23"]

1. d4 Nf6 2. c4 e6 3. Nf3 Bb4+ 4. Bd2 c5 5. g3 Qb6 6. Bg2 Nc6 7. d5 exd5 8. cxd5
Nxd5 9. O-O Nde7 10. e4 d6 11. Bxb4 Qxb4 12. Qxd6 O-O 13. Nc3 Bg4 14. a3 Qa5 15.
b4 cxb4 16. Nd5 Nxd5 17. exd5 1/2-1/2

[Event "22nd Abu Dhabi Masters"]
[Site "Abu Dhabi UAE"]
[Date "2015.08.24"]
[Round "2.17"]
[White "Visakh,N R"]
[Black "Kovchan,A"]
[Result "1/2-1/2"]
[BlackTitle "GM"]
[WhiteElo "2411"]
[BlackElo "2605"]
[WhiteFideId "25012223"]
[BlackFideId "14103052"]
[EventDate "2015.08.23"]

1. d4 Nf6 2. Nf3 g6 3. g3 d5 4. Bg2 c6 5. O-O Bg7 6. Nbd2 O-O 7. c4 Bf5 8. b3
Nbd7 9. Bb2 Qa5 10. a3 Ne4 11. Nxe4 Bxe4 12. Qd2 Qb6 13. cxd5 cxd5 14. Qb4 e6
15. Qxb6 Nxb6 16. Rfc1 Rfc8 17. Ne1 Bxg2 18. Kxg2 Rxc1 19. Rxc1 Rc8 20. e3 Rxc1
21. Bxc1 Nc8 22. Kf1 Kf8 23. Ke2 Ke8 24. Bd2 Bf8 25. Nc2 h5 26. Bb4 Bd6 27. Bxd6
Nxd6 28. Ne1 Ke7 1/2-1/2

[Event "22nd Abu Dhabi Masters"]
[Site "Abu Dhabi UAE"]
[Date "2015.08.24"]
[Round "2.18"]
[White "Prohaszka,P2"]
[Black "Karavade,E"]
[Result "1/2-1/2"]
[WhiteTitle "GM"]
[BlackTitle "IM"]
[WhiteElo "2602"]
[BlackElo "2409"]
[WhiteFideId "726265"]
[BlackFideId "5012600"]
[EventDate "2015.08.23"]

1. d4 d5 2. c4 c6 3. cxd5 cxd5 4. Bf4 Nc6 5. Nc3 e5 6. Bxe5 Nxe5 7. dxe5 d4 8.
Ne4 Bb4+ 9. Nd2 Ne7 10. a3 Ba5 11. Nf3 O-O 12. g3 Bg4 13. Bg2 d3 14. O-O Nc6 15.
Nc4 Bc7 16. Qxd3 Qxd3 17. exd3 Rad8 18. Ne3 Be6 19. Rac1 Rxd3 20. Ng5 Bxe5 21.
Nxe6 fxe6 22. Bxc6 bxc6 23. Rc2 Rb3 24. Nc4 Bd4 25. Re1 e5 26. Ree2 Rfb8 27.
Nxe5 Bxe5 28. Rxe5 Rxb2 29. Rxc6 Rf8 30. Re7 Rbxf2 31. Rcc7 Rf1+ 32. Kg2 R1f2+
33. Kh3 R8f7 34. Rxa7 Rxe7 35. Rxe7 Ra2 36. Ra7 h5 37. g4 hxg4+ 38. Kg3 Kh7 39.
a4 Kh6 40. a5 Kh7 41. Ra6 Ra4 42. Ra8 Kg6 43. Ra7 Kh7 44. a6 Kg6 45. Kh4 Kh6 46.
Ra8 Kg6 47. a7 Kh7 48. Kg5 Ra5+ 49. Kxg4 Ra4+ 50. Kf5 Ra5+ 51. Ke4 Ra4+ 52. Kd5
Ra5+ 53. Kc4 Ra4+ 54. Kc5 Ra1 55. h4 Ra2 56. Kb4 Ra1 57. Kc3 Ra2 1/2-1/2

[Event "22nd Abu Dhabi Masters"]
[Site "Abu Dhabi UAE"]
[Date "2015.08.24"]
[Round "2.19"]
[White "Asgarizadeh,A"]
[Black "Papp,Ga"]
[Result "0-1"]
[WhiteTitle "IM"]
[BlackTitle "GM"]
[WhiteElo "2407"]
[BlackElo "2601"]
[WhiteFideId "12505684"]
[BlackFideId "718602"]
[EventDate "2015.08.23"]

1. e4 e5 2. Nf3 Nc6 3. Bb5 a6 4. Ba4 Nf6 5. O-O Be7 6. d3 d6 7. c4 O-O 8. Be3
Ng4 9. Nc3 f5 10. exf5 Bxf5 11. h3 Nf6 12. d4 e4 13. Nd2 Nb4 14. Bc2 Nxc2 15.
Qxc2 Qe8 16. f3 Qg6 17. g4 h5 18. Ndxe4 hxg4 19. hxg4 Nxe4 20. Nxe4 Rae8 21. Qg2
Bxe4 22. fxe4 Bg5 23. Bxg5 Qxg5 24. Rae1 Rxf1+ 25. Kxf1 Rf8+ 26. Ke2 Rf4 27. Rg1
c5 28. Kd3 cxd4 29. Qe2 b5 30. Kc2 Qc5 31. Rf1 bxc4 0-1

[Event "22nd Abu Dhabi Masters"]
[Site "Abu Dhabi UAE"]
[Date "2015.08.24"]
[Round "2.20"]
[White "Kravtsiv,M"]
[Black "Nezad,H"]
[Result "1-0"]
[WhiteTitle "GM"]
[BlackTitle "IM"]
[WhiteElo "2599"]
[BlackElo "2404"]
[WhiteFideId "14113147"]
[BlackFideId "12100293"]
[EventDate "2015.08.23"]

1. Nf3 d5 2. c4 c6 3. g3 Bg4 4. Bg2 e6 5. cxd5 Bxf3 6. Bxf3 cxd5 7. O-O Nc6 8.
Nc3 Nf6 9. d4 Be7 10. e3 O-O 11. Bd2 Qd7 12. Qe2 Rfc8 13. Rfd1 Bd8 14. Be1 Ne7
15. b3 Nf5 16. Na4 Be7 17. Qf1 Ba3 18. Be2 Qe7 19. Bd3 Rc6 20. Rab1 Bb4 21. Rbc1
Rac8 22. Rxc6 Rxc6 23. Bxb4 Qxb4 24. Rc1 Ne7 25. Rxc6 Nxc6 26. Qc1 g6 27. Nc5
Ne8 28. a3 Qb6 29. b4 Nd6 30. h4 Ne7 31. Qc2 Qc7 32. a4 h5 33. b5 b6 34. Na6
Qxc2 35. Bxc2 Kf8 36. Nb4 Ke8 37. f3 Ndf5 38. Kf2 Kd7 39. Bd3 Kd6 40. Nc2 Kd7
41. e4 Nh6 42. Be2 Kd6 43. e5+ Kd7 44. g4 Ke8 45. Kg3 Kf8 46. Nb4 hxg4 47. fxg4
Kg7 48. Kf4 Nhg8 49. Kg5 Nh6 50. Nc6 Nc8 51. Bd3 Ng8 52. h5 gxh5 53. gxh5 Nh6
54. Bf1 Nf5 55. Bd3 Nh6 56. Bb1 Ng8 57. Bc2 Nh6 58. Bd3 Ng8 59. Bf1 Nh6 60. Bh3
Ng8 61. Bg4 Nh6 62. Nd8 Ng8 63. Nxe6+ fxe6 64. Bxe6 Nce7 65. Bxg8 Nxg8 66. e6
Ne7 67. h6+ Kh7 68. Kf6 Ng8+ 69. Kg5 Ne7 70. Kf6 Ng8+ 71. Ke5 Kxh6 72. Kxd5 Kg6
73. Ke5 Kg7 74. d5 Kf8 75. d6 Ke8 76. Kf5 Kf8 77. Kg5 Ke8 78. Kg6 Kd8 79. Kf7
Nh6+ 1-0

[Event "22nd Abu Dhabi Masters"]
[Site "Abu Dhabi UAE"]
[Date "2015.08.24"]
[Round "2.21"]
[White "Abhishek,K"]
[Black "Sumets,A"]
[Result "1/2-1/2"]
[BlackTitle "GM"]
[WhiteElo "2400"]
[BlackElo "2596"]
[WhiteFideId "5019257"]
[BlackFideId "14105500"]
[EventDate "2015.08.23"]

1. d4 d5 2. c4 c6 3. Nf3 Nf6 4. Nc3 e6 5. Bg5 h6 6. Bh4 Be7 7. e3 Nbd7 8. Qc2
O-O 9. Rg1 Qa5 10. g4 g5 11. Bg3 Ne4 12. Nd2 Nxd2 13. Qxd2 b6 14. O-O-O Ba6 15.
cxd5 cxd5 16. Bxa6 Qxa6 17. h4 Rfc8 18. hxg5 Qxa2 19. Qc2 Qa5 20. Rh1 Bf8 21.
Kb1 b5 22. Rxh6 Bxh6 23. Rh1 Qa4 24. Nxa4 1/2-1/2

[Event "22nd Abu Dhabi Masters"]
[Site "Abu Dhabi UAE"]
[Date "2015.08.24"]
[Round "2.22"]
[White "Kryvoruchko,Vita"]
[Black "Salem,AR"]
[Result "0-1"]
[WhiteTitle "WGM"]
[BlackTitle "GM"]
[WhiteElo "2210"]
[BlackElo "2595"]
[WhiteFideId "14108917"]
[BlackFideId "9301348"]
[EventDate "2015.08.23"]

1. e4 c5 2. Nf3 d6 3. d4 cxd4 4. Nxd4 Nf6 5. Nc3 a6 6. f3 e5 7. Nb3 Be6 8. Nd5
Bxd5 9. exd5 Nbd7 10. Be3 Be7 11. Qd2 Qc7 12. c4 O-O 13. Bd3 a5 14. Rd1 a4 15.
Na1 Nc5 16. Bb1 b5 17. cxb5 Rfb8 18. Nc2 Rxb5 19. Na3 Rbb8 20. O-O Ncd7 21. Kh1
g6 22. f4 Ra5 23. Rc1 Qd8 24. Nc4 Rxd5 25. Qc2 exf4 26. Rxf4 Rdb5 27. Bd4 Nh5
28. Rf2 Bf6 29. Ba7 Rc8 30. Qd1 Ne5 31. Ne3 Rxc1 32. Qxc1 Bg5 33. Qd1 Qd7 34.
Bd4 Bxe3 35. Bxe3 Ng4 36. Re2 Nxe3 37. Rxe3 Rxb2 38. a3 Qg4 39. Qg1 Nf4 40. Re8+
Kg7 41. Be4 Rd2 42. Bf3 Qf5 43. Qa1+ Kh6 44. Qe1 Rb2 45. Be4 Qf6 46. Qc1 Kg7 47.
Qc8 Rxg2 48. Rg8+ Kh6 49. Qc1 Re2 50. Bf3 Rxh2+ 51. Kg1 Qg5+ 52. Kf1 Qg3 53. Qe3
Rh1+ 0-1

[Event "22nd Abu Dhabi Masters"]
[Site "Abu Dhabi UAE"]
[Date "2015.08.24"]
[Round "2.23"]
[White "Gabuzyan,H"]
[Black "Gaponenko,I"]
[Result "1-0"]
[WhiteTitle "GM"]
[BlackTitle "IM"]
[WhiteElo "2593"]
[BlackElo "2402"]
[WhiteFideId "13303732"]
[BlackFideId "14101181"]
[EventDate "2015.08.23"]

1. c4 g6 2. Nc3 Bg7 3. g3 Nf6 4. Bg2 O-O 5. e4 e5 6. Nge2 Nc6 7. d3 d6 8. O-O
Be6 9. Nd5 Qd7 10. Bg5 Ne8 11. Qd2 f6 12. Be3 Nd8 13. f4 c6 14. f5 gxf5 15. exf5
Bf7 16. Ndc3 Nc7 17. Rad1 d5 18. d4 e4 19. g4 dxc4 20. Nxe4 Bd5 21. N2c3 Bxe4
22. Bxe4 Nf7 23. d5 Ne5 24. dxc6 Qxd2 25. Rxd2 bxc6 26. Bf4 Rae8 27. Bxe5 Rxe5
28. Bxc6 Bh6 29. Rd7 Rf7 30. Rfd1 Be3+ 31. Kg2 Bb6 32. Ne4 Kg7 33. Rxf7+ Kxf7
34. Rd7+ Re7 35. Nd6+ Kf8 36. Rxe7 Kxe7 37. Nxc4 Bd4 38. b4 Kf8 39. b5 Ke7 40.
a4 Bc5 41. Kf3 Bg1 42. h3 Bc5 43. Ke4 Bf2 44. a5 Be1 45. b6 axb6 46. axb6 Na6
47. Bb5 Nb8 48. Ne3 Kd6 49. b7 Kc5 50. Be8 Na6 51. Nd5 Bh4 52. Nc7 Nb8 53. Ne6+
Kd6 54. Ba4 Na6 55. Bb5 Nb8 56. Ba4 Na6 57. Bb3 h6 1-0

[Event "22nd Abu Dhabi Masters"]
[Site "Abu Dhabi UAE"]
[Date "2015.08.24"]
[Round "2.24"]
[White "Patil,Pr2"]
[Black "Romanov,E"]
[Result "0-1"]
[BlackTitle "GM"]
[WhiteElo "2186"]
[BlackElo "2586"]
[WhiteFideId "5038758"]
[BlackFideId "4148843"]
[EventDate "2015.08.23"]

1. e4 c6 2. d4 d5 3. e5 Bf5 4. Be3 e6 5. Nf3 Nd7 6. Nbd2 h6 7. Be2 Ne7 8. O-O g5
9. a4 Bg7 10. h4 f6 11. exf6 Bxf6 12. hxg5 hxg5 13. Nxg5 Ng6 14. Ndf3 Qe7 15.
Bd3 O-O-O 16. Qd2 Bxd3 17. Qxd3 Rdg8 18. g3 Rh5 19. Qd2 e5 20. dxe5 Ngxe5 21.
Qd3 Ng6 22. Qd2 Nge5 23. Qd1 Bxg5 24. Nxg5 Rgh8 0-1

[Event "22nd Abu Dhabi Masters"]
[Site "Abu Dhabi UAE"]
[Date "2015.08.24"]
[Round "2.25"]
[White "Sandipan,C"]
[Black "Sultan,I"]
[Result "1-0"]
[WhiteTitle "GM"]
[BlackTitle "FM"]
[WhiteElo "2585"]
[BlackElo "1983"]
[WhiteFideId "5004225"]
[BlackFideId "9301143"]
[EventDate "2015.08.23"]

1. d4 d5 2. c4 e6 3. Nc3 Nf6 4. Nf3 c6 5. e3 Nbd7 6. Qc2 Bd6 7. Bd3 O-O 8. O-O
dxc4 9. Bxc4 e5 10. a3 exd4 11. exd4 Nb6 12. Ba2 Re8 13. Bg5 h6 14. Bxh6 gxh6
15. Qg6+ Kh8 16. Qxh6+ Nh7 17. Bxf7 Re7 18. Ng5 Bf5 19. Nxh7 Rxf7 20. Ng5+ Kg8
21. Nxf7 Kxf7 22. Rfe1 Qf6 23. Qxf6+ Kxf6 24. Ne4+ Bxe4 25. Rxe4 Rh8 26. h4 Kf7
27. Rd1 Rh6 28. Rd3 Rf6 29. Rb3 Kf8 30. g3 Rf7 31. Kg2 Nc4 32. Re2 a5 33. Rf3 a4
34. h5 b5 35. h6 Rxf3 36. Kxf3 Kf7 37. Kg4 Nxb2 38. Rxb2 Bxa3 39. Rc2 Bf8 40.
Rxc6 a3 41. Kf5 b4 42. h7 Bg7 43. Rc7+ Kf8 44. Kg6 Bxd4 45. Rf7+ 1-0

[Event "22nd Abu Dhabi Masters"]
[Site "Abu Dhabi UAE"]
[Date "2015.08.24"]
[Round "2.26"]
[White "Namer,N"]
[Black "Kulaots,K"]
[Result "0-1"]
[WhiteTitle "CM"]
[BlackTitle "GM"]
[WhiteElo "2158"]
[BlackElo "2573"]
[WhiteFideId "4801890"]
[BlackFideId "4500261"]
[EventDate "2015.08.23"]

1. Nf3 Nf6 2. c4 b6 3. g3 c5 4. Bg2 Bb7 5. O-O e6 6. Nc3 Be7 7. d4 cxd4 8. Qxd4
d6 9. b3 O-O 10. Bb2 Nbd7 11. Rfd1 a6 12. Rac1 Qc7 13. Qh4 Rac8 14. g4 Nc5 15.
g5 Nfe4 16. Nxe4 Nxe4 17. Qg4 Kh8 18. Rd4 f5 19. Qh5 Kg8 20. Rcd1 g6 21. Qh4 Rf7
22. R4d3 e5 23. Qh6 b5 24. Rc1 Qb6 25. Nxe5 Qxf2+ 26. Kh1 dxe5 0-1

[Event "22nd Abu Dhabi Masters"]
[Site "Abu Dhabi UAE"]
[Date "2015.08.24"]
[Round "2.27"]
[White "Godbole,A"]
[Black "Esen,B"]
[Result "0-1"]
[BlackTitle "GM"]
[WhiteElo "2061"]
[BlackElo "2567"]
[WhiteFideId "5059550"]
[BlackFideId "6302114"]
[EventDate "2015.08.23"]

1. e4 g6 2. d4 Bg7 3. Nc3 a6 4. a4 d6 5. f4 Nf6 6. Nf3 c5 7. d5 Bg4 8. Bd3 O-O
9. O-O Nbd7 10. h3 Bxf3 11. Qxf3 Ne8 12. Qg3 Nc7 13. Qh4 e6 14. Qxd8 Raxd8 15.
Rb1 exd5 16. Nxd5 Nxd5 17. exd5 Nb6 18. f5 Bd4+ 19. Kh1 Nxa4 20. c3 Be5 21. Bg5
Rd7 22. h4 Rc8 23. h5 f6 24. Bf4 gxh5 25. Bh6 c4 26. Be2 h4 27. Be3 Re7 28. Rf3
Bg3 29. Bf1 b5 0-1

[Event "22nd Abu Dhabi Masters"]
[Site "Abu Dhabi UAE"]
[Date "2015.08.24"]
[Round "2.28"]
[White "Areshchenko,A"]
[Black "Bulmaga,I"]
[Result "1-0"]
[WhiteTitle "GM"]
[BlackTitle "IM"]
[WhiteElo "2661"]
[BlackElo "2393"]
[WhiteFideId "14109530"]
[BlackFideId "13903063"]
[EventDate "2015.08.23"]

1. e4 e5 2. Nf3 Nc6 3. Bb5 a6 4. Ba4 Nf6 5. O-O Nxe4 6. d4 b5 7. Bb3 d5 8. dxe5
Be6 9. Nbd2 Nc5 10. c3 Be7 11. Bc2 d4 12. Nb3 d3 13. Bb1 Nxb3 14. axb3 Bf5 15.
Re1 O-O 16. h3 Qd7 17. b4 Kh8 18. Bf4 a5 19. bxa5 b4 20. a6 bxc3 21. bxc3 f6 22.
e6 Qd5 23. Nh4 g5 24. Nxf5 Qxf5 25. Bxc7 Bc5 26. Bxd3 Qxf2+ 27. Kh1 Rac8 28. Bh2
Rfd8 29. Bg1 Qg3 30. Bxc5 Rxd3 31. Qe2 Ne5 32. a7 Nf3 33. gxf3 Qxh3+ 34. Qh2
Qxf3+ 35. Qg2 Qh5+ 36. Kg1 1-0

[Event "22nd Abu Dhabi Masters"]
[Site "Abu Dhabi UAE"]
[Date "2015.08.24"]
[Round "2.29"]
[White "Iturrizaga,E"]
[Black "Nuber,B"]
[Result "1-0"]
[WhiteTitle "GM"]
[BlackTitle "FM"]
[WhiteElo "2625"]
[BlackElo "2339"]
[WhiteFideId "3901211"]
[BlackFideId "24620289"]
[EventDate "2015.08.23"]

1. Nf3 Nf6 2. c4 c6 3. Nc3 d5 4. e3 g6 5. d4 Bg7 6. Bd3 O-O 7. O-O Nbd7 8. b3
dxc4 9. bxc4 Qa5 10. Bd2 Qc7 11. e4 e5 12. d5 Nc5 13. Be3 Nfd7 14. Qd2 Qa5 15.
Be2 Re8 16. Qc2 Nb6 17. Nd2 Nba4 18. Nxa4 Nxa4 19. Rfc1 c5 20. Rab1 a6 21. Nf1
b5 22. cxb5 axb5 23. Bxb5 Rd8 24. Bd2 1-0

[Event "22nd Abu Dhabi Masters"]
[Site "Abu Dhabi UAE"]
[Date "2015.08.24"]
[Round "2.30"]
[White "Onischuk,V"]
[Black "Hernandez,Alex"]
[Result "1-0"]
[WhiteTitle "GM"]
[BlackTitle "FM"]
[WhiteElo "2618"]
[BlackElo "2302"]
[WhiteFideId "14114038"]
[BlackFideId "3900452"]
[EventDate "2015.08.23"]

1. e4 c5 2. Nf3 d6 3. d4 cxd4 4. Nxd4 Nf6 5. Nc3 a6 6. Be2 e5 7. Nb3 Be7 8. Bg5
Nbd7 9. a4 O-O 10. O-O h6 11. Bh4 Qc7 12. Nd2 b6 13. Bc4 Bb7 14. Qe2 Rfe8 15.
Rfd1 Qb8 16. Bxf6 Nxf6 17. Bb3 Bc6 18. Qc4 Qb7 19. Qxf7+ Kh8 20. Nd5 Rf8 21.
Qxe7 Bxd5 22. Qxb7 Bxb7 23. f3 d5 24. exd5 Bxd5 25. Bxd5 Nxd5 26. Nc4 Rfc8 27.
Nd6 Rc5 28. Ne4 Ne3 29. Nxc5 Nxd1 30. Rxd1 bxc5 31. Rd5 Rb8 32. Rxe5 1-0

[Event "22nd Abu Dhabi Masters"]
[Site "Abu Dhabi UAE"]
[Date "2015.08.24"]
[Round "2.31"]
[White "Voiteanu,G"]
[Black "Gopal,G"]
[Result "1/2-1/2"]
[WhiteTitle "FM"]
[BlackTitle "GM"]
[WhiteElo "2182"]
[BlackElo "2562"]
[WhiteFideId "1208810"]
[BlackFideId "5015693"]
[EventDate "2015.08.23"]

1. d4 Nf6 2. c4 g6 3. Nc3 d5 4. cxd5 Nxd5 5. e4 Nxc3 6. bxc3 Bg7 7. Bc4 c5 8.
Ne2 Nc6 9. Be3 O-O 10. O-O Bg4 11. f3 Bd7 12. dxc5 Qc7 13. Nd4 Na5 14. Be2 Rfd8
15. Qc1 Rac8 16. Qa3 e6 17. Nb3 Nc6 18. Nd4 a6 19. Rab1 Bf8 20. Nb3 Be8 21. f4
Rd7 22. e5 Rcd8 1/2-1/2

[Event "22nd Abu Dhabi Masters"]
[Site "Abu Dhabi UAE"]
[Date "2015.08.24"]
[Round "2.32"]
[White "Nevednichy,V"]
[Black "Heydarli,K"]
[Result "1-0"]
[WhiteTitle "GM"]
[BlackTitle "IM"]
[WhiteElo "2549"]
[BlackElo "2256"]
[WhiteFideId "1205730"]
[BlackFideId "13404423"]
[EventDate "2015.08.23"]

1. e4 c5 2. Nf3 e6 3. d4 cxd4 4. Nxd4 a6 5. Nc3 Qc7 6. Bd3 Nf6 7. f4 Nc6 8. Nxc6
Qxc6 9. Qe2 d6 10. Bd2 Be7 11. O-O-O Nd7 12. e5 d5 13. f5 Nc5 14. f6 gxf6 15.
exf6 Bd6 16. Bh6 Bd7 17. Bg7 O-O-O 18. Bxh8 Rxh8 19. Qh5 Rf8 20. Rhe1 Kb8 21.
Bxh7 Na4 22. Nxa4 Qxa4 23. Kb1 Qf4 24. Rf1 Qxh2 25. Qxh2 Bxh2 26. Rh1 Be5 27.
Rdf1 Kc7 28. g4 Kd6 29. g5 Be8 30. Rh4 Bc6 31. Bd3 Be8 32. c3 Bc6 33. Kc2 Be8
34. Rfh1 1-0

[Event "22nd Abu Dhabi Masters"]
[Site "Abu Dhabi UAE"]
[Date "2015.08.24"]
[Round "2.33"]
[White "Ayyad,H"]
[Black "Stopa,Ja"]
[Result "0-1"]
[WhiteTitle "FM"]
[BlackTitle "GM"]
[WhiteElo "2162"]
[BlackElo "2544"]
[WhiteFideId "11200243"]
[BlackFideId "1119591"]
[EventDate "2015.08.23"]

1. e4 d6 2. d4 Nf6 3. Nc3 c6 4. a4 Nbd7 5. Nf3 e5 6. Bg5 Be7 7. a5 O-O 8. h3 h6
9. Be3 Re8 10. Ra4 exd4 11. Bxd4 Bf8 12. Bd3 d5 13. O-O Nxe4 14. Bxe4 dxe4 15.
Nd2 f5 16. Re1 Nc5 17. Bxc5 Bxc5 18. Nb3 b5 19. Ra1 Bb4 20. Qh5 Be6 21. Rad1 Qf6
22. Nd4 Bxa5 23. Nxc6 Bxc3 24. bxc3 Bf7 0-1

[Event "22nd Abu Dhabi Masters"]
[Site "Abu Dhabi UAE"]
[Date "2015.08.24"]
[Round "2.34"]
[White "Ghorbani,H"]
[Black "Berescu,A"]
[Result "1/2-1/2"]
[BlackTitle "GM"]
[WhiteElo "2084"]
[BlackElo "2464"]
[WhiteFideId "12502910"]
[BlackFideId "1204920"]
[EventDate "2015.08.23"]

1. d4 d6 2. Nf3 f5 3. g3 Nf6 4. Bg2 g6 5. c3 Bg7 6. Qb3 c6 7. Ng5 d5 8. O-O h6
9. Nf3 Nbd7 10. h4 Ne4 11. Nbd2 e6 12. a4 Qe7 13. c4 Bf6 14. Rd1 g5 15. hxg5
hxg5 16. Nxe4 fxe4 17. Nh2 Nb6 18. cxd5 exd5 19. f3 Qh7 20. Nf1 Bf5 21. g4 Bg6
22. f4 gxf4 23. Bxf4 Qg7 24. Qc3 Nd7 25. g5 Bd8 26. a5 a6 27. Qb4 Qf7 28. Qxb7
Qxf4 29. Qxc6 Bf5 30. e3 Qxg5 31. Qxa8 Bh3 32. Rd2 Rg8 33. Qxa6 Bxg2 1/2-1/2

[Event "22nd Abu Dhabi Masters"]
[Site "Abu Dhabi UAE"]
[Date "2015.08.24"]
[Round "2.35"]
[White "Sagar,S"]
[Black "Ghoorchibeygi,A"]
[Result "1-0"]
[WhiteTitle "IM"]
[WhiteElo "2456"]
[BlackElo "2016"]
[WhiteFideId "5022509"]
[BlackFideId "12510505"]
[EventDate "2015.08.23"]

1. c4 e6 2. Nc3 Nf6 3. e4 e5 4. f4 d6 5. Nf3 Nc6 6. Be2 Nd4 7. d3 Nxf3+ 8. Bxf3
Be7 9. Be3 c6 10. O-O h5 11. h3 h4 12. d4 Qc7 13. Rc1 Bd7 14. Kh1 Rd8 15. Qe2
O-O 16. Qf2 exd4 17. Bxd4 c5 18. Bxf6 Bxf6 19. Nd5 Qc8 20. Nxf6+ gxf6 21. Qxh4
Kg7 22. e5 fxe5 23. fxe5 dxe5 24. Qg5+ Kh7 25. Bxb7 1-0

[Event "22nd Abu Dhabi Masters"]
[Site "Abu Dhabi UAE"]
[Date "2015.08.24"]
[Round "2.36"]
[White "Yashas,D"]
[Black "Ris,R"]
[Result "0-1"]
[BlackTitle "IM"]
[WhiteElo "2135"]
[BlackElo "2449"]
[WhiteFideId "5030196"]
[BlackFideId "1011480"]
[EventDate "2015.08.23"]

1. e4 e5 2. Nf3 Nc6 3. Bb5 a6 4. Ba4 Nf6 5. Qe2 b5 6. Bb3 Bc5 7. c3 O-O 8. O-O
d5 9. d3 d4 10. Bg5 h6 11. Bxf6 Qxf6 12. Bd5 Bg4 13. h3 dxc3 14. bxc3 Bd7 15.
Nbd2 Rad8 16. Bxc6 Bxc6 17. Nb3 Bb6 18. Rfe1 Rfe8 19. Rad1 a5 20. Qc2 Bd7 21.
Qe2 Be6 22. d4 Bc4 23. Qc2 exd4 24. Nbxd4 Bxd4 25. cxd4 a4 26. Ne5 Be6 27. Nc6
Rc8 28. d5 Bd7 29. Rc1 Qg6 30. Qd3 Ra8 31. Nd4 Re5 32. Rxc7 Rxd5 33. Qc3 Bxh3
34. Qxh3 Rxd4 35. Rc8+ Rxc8 36. Qxc8+ Kh7 37. Qc5 Rxe4 38. Rxe4 Qxe4 39. Qxb5 f6
40. g3 Kg6 41. a3 h5 42. Qc5 h4 43. gxh4 Qxh4 44. Qe7 Qg4+ 45. Kf1 Qc4+ 46. Kg1
Qc1+ 47. Kg2 Qg5+ 48. Kf1 Qg4 49. Qe8+ Kg5 50. Qf8 g6 51. Qe7 Qd1+ 52. Kg2 Qd4
53. Kg1 Kf5 54. Qf8 Kg4 55. Qc8+ f5 56. Qc6 Kh5 57. Qc1 f4 58. Qc7 Qd1+ 59. Kg2
Qd5+ 60. Kg1 Kg4 61. Qc8+ Qf5 62. Qc3 f3 63. Qd4+ Qf4 64. Qd7+ Kh5 65. Qh7+ Kg5
66. Qe7+ Kh6 67. Kh1 Qf5 68. Kh2 g5 69. Qd6+ Kh5 70. Qb8 Qe4 71. Qc7 Qh4+ 72.
Kg1 Qg4+ 73. Kf1 Qg2+ 74. Ke1 Qg1+ 75. Kd2 Qxf2+ 0-1